000 00535nam a2200181 i 4500
001 38778
003 ES-MaACL
005 20230906155822.0
007 t|
008 030226s1941 sp ||||1| spa d
100 1 _aCámara Tecedor, Sixto.
_933997
245 1 0 _aElementos de geometría analítica /
_cpor Sixto Cámara Tecedor.
250 _a2ª ed.
260 _aMadrid :
_b[s.n.],
_c1941 (
_fNuevas Gráficas)
300 _a1 v. :
_bil. ;
_c27 cm.
650 4 _aGeometría analítica.
_913100
852 _aES-MaACL
_jP-653
_bR.19017
999 _c38778
_d38778